
Library Catalogue

| 000 -LEADER | |
|---|---|
| fixed length control field | 01010nam a2200229Ia 4500 |
| 003 - CONTROL NUMBER IDENTIFIER | |
| control field | OSt |
| 005 - DATE AND TIME OF LATEST TRANSACTION | |
| control field | 20210129122906.0 |
| 008 - FIXED-LENGTH DATA ELEMENTS--GENERAL INFORMATION | |
| fixed length control field | 160316s2008 xxu||||| |||| 00| 0 eng d |
| 020 ## - INTERNATIONAL STANDARD BOOK NUMBER | |
| International Standard Book Number | 9781405718684 |
| 040 ## - CATALOGING SOURCE | |
| Transcribing agency | . |
| 082 ## - DEWEY DECIMAL CLASSIFICATION NUMBER | |
| Classification number | 348.022 BEN |
| Item number | BEN |
| 100 ## - MAIN ENTRY--PERSONAL NAME | |
| Personal name | Bennion Francis |
| 245 ## - TITLE STATEMENT | |
| Title | Statutory interpretation |
| 250 ## - EDITION STATEMENT | |
| Edition statement | 5th |
| 260 ## - PUBLICATION, DISTRIBUTION, ETC. | |
| Place of publication, distribution, etc. | London |
| Name of publisher, distributor, etc. | Butterworths |
| Date of publication, distribution, etc. | 2008 |
| 300 ## - PHYSICAL DESCRIPTION | |
| Extent | 1579p |
| Dimensions | lxxvi |
| 365 ## - TRADE PRICE | |
| Price amount | Rs. 28,438 |
| 505 ## - FORMATTED CONTENTS NOTE | |
| Formatted contents note | Contents<br/>Preface ;<br/>Books by Francis Bennion ;<br/>The Code: Summary of Parts;<br/>The Code: Arrangement of Sections ;<br/>How to Use This Book;<br/>Table of Statutes xxxv<br/>Table of Statutory Instruments ;<br/>Table of Foreign Enactments ;<br/>Table of European Material ;<br/>Table of Cases ;<br/>Introduction ;<br/>The Code ;<br/>Appendix A ;<br/>Appendix B ;<br/>Appendix C ;<br/>Appendix D;<br/>Appendix E ;<br/>Appendix F ;<br/>Appendix G ;<br/>Appendix H ;<br/>Appendix ;<br/>Bibliography ;<br/>Index <br/><br/> |
| 650 ## - SUBJECT ADDED ENTRY--TOPICAL TERM | |
| Topical term or geographic name entry element | 1.Interpretation - Statutes2.Statutory Interpretation |
| 700 ## - ADDED ENTRY--PERSONAL NAME | |
| Personal name | |
| -- | |
| 942 ## - ADDED ENTRY ELEMENTS (KOHA) | |
| Source of classification or shelving scheme | Dewey Decimal Classification |
| Koha item type | BOOKs |
| Withdrawn status | Lost status | Damaged status | Not for loan | Home library | Current library | Shelving location | Date acquired | Cost, normal purchase price | Total Checkouts | Full call number | Barcode | Date last seen | Price effective from | Koha item type | Public note |
|---|---|---|---|---|---|---|---|---|---|---|---|---|---|---|---|
| . | . | NAB Compactor | 30.05.2017 | 28438.00 | 348.022 BEN | 22865 | 30.05.2017 | 30.05.2017 | BOOKs | Kept in the NAB Compactor |